Vampire island / (Record no. 3469)

MARC details
000 -LEADER
fixed length control field 00766nam a22002417a 4500
001 - CONTROL NUMBER
control field 3469
003 - CONTROL NUMBER IDENTIFIER
control field FISKH
005 - DATE AND TIME OF LATEST TRANSACTION
control field 20240307154032.0
008 - FIXED-LENGTH DATA ELEMENTS--GENERAL INFORMATION
fixed length control field 240307b cb ||||| |||| 00| 0 eng d
040 ## - CATALOGING SOURCE
Original cataloging agency FISK
Language of cataloging eng
Transcribing agency FISK
Modifying agency FISK
050 ## - LIBRARY OF CONGRESS CALL NUMBER
Classification number PZ7.G881325
082 ## - DEWEY DECIMAL CLASSIFICATION NUMBER
Classification number 813.54
100 ## - MAIN ENTRY--PERSONAL NAME
Personal name Griffin Adele
Dates associated with a name 1970-
245 ## - TITLE STATEMENT
Title Vampire island /
Statement of responsibility, etc. Adele Griffin
260 ## - PUBLICATION, DISTRIBUTION, ETC.
Place of publication, distribution, etc. New York :
Name of publisher, distributor, etc. Scholastic,
Date of publication, distribution, etc. 2009
300 ## - PHYSICAL DESCRIPTION
Extent 12o pages :
Dimensions 20 cm
505 ## - FORMATTED CONTENTS NOTE
Formatted contents note M
520 ## - SUMMARY, ETC.
Summary, etc. Siblings Maddy, Lexie, and Hudson Livingstone, who are vampire-fruit bat hybrids, struggle to adjust to living as humans in New York City while maintaining their individual vampire strengths.
521 8# - TARGET AUDIENCE NOTE
Target audience note 800
Source M
700 ## - ADDED ENTRY--PERSONAL NAME
Personal name Adele Griffin
942 ## - ADDED ENTRY ELEMENTS (KOHA)
Source of classification or shelving scheme Dewey Decimal Classification
Koha item type Books
Suppress in OPAC No
Holdings
Withdrawn status Lost status Source of classification or shelving scheme Damaged status Not for loan Collection Home library Current library Shelving location Date acquired Total Checkouts Full call number Barcode Date last seen Copy number Price effective from Koha item type
    Dewey Decimal Classification     Fiction Footprints International School Library Network Toul Kork Campus Footprints International School Library Network Toul Kork Campus TTP Secondary Fiction Bookshelves 03/07/2024   GRI PZ7.G881325 813.54 2024-0289 03/07/2024 1 03/07/2024 Books